00222nam a2200085Ia 4500001000800000005001700008008004100025245005200066260001800118125044920251031150856.0251031s9999 xx 000 0 und d 0cNICHOLAS CANNONaG-2 DÜNYANIN SONUNA YOLCULUK bCAN YAYINLARI